| 000 | 00586nam a2200193 4500 | ||
|---|---|---|---|
| 003 | OSt | ||
| 005 | 20141118134056.0 | ||
| 008 | 141118b xxu||||| |||| 00| 0 eng d | ||
| 020 | _a9788274530805 | ||
| 040 | _c040a | ||
| 082 |
_222 _a551.45 _bOES 2009 |
||
| 100 |
_aOestigaard, Terje _92038 |
||
| 245 |
_aWater, culture and identity: _bcomparing past and present traditions in the Nile basin region / _cTerje Oestigaard |
||
| 260 |
_aBergen _bBRIC Press _c2009 |
||
| 300 |
_av, 272p ; _bill : _c12 cm. |
||
| 504 | _aincludes index | ||
| 650 |
_aWater and culture _92039 |
||
| 942 |
_2ddc _cSLOAN |
||
| 999 |
_c762 _d762 |
||